[Event "III Weekend B"]
[Site "Lesa ITA"]
[Date "2014.09.21"]
[Round "4"]
[White "Pedoni, Lorenzo"]
[Black "Nipote, Mario"]
[WhiteElo "1702"]
[BlackElo "1537"]
[Result "1-0"]
[PlyCount "77"]
[EventDate "2014.09.19"]

1. d4 d5 2. c4 e6 3. Nf3 c5 4. cxd5 exd5 5. g3 Nf6 6. Bg2 Nc6 7. O-O cxd4 8.
Nxd4 Be7 9. Nc3 O-O 10. Bf4 a6 11. e4 dxe4 12. Nxc6 bxc6 13. Nxe4 Bb7 14. Qc2
Nd5 15. Rfd1 Qb6 16. Be5 f6 17. Bd4 Qc7 18. Nc5 Bxc5 19. Bxc5 Qc8 20. Bxf8 Qxf8
21. Rac1 Kh8 22. Re1 Rd8 23. Qb3 Ba8 24. Bxd5 cxd5 25. Qb6 d4 26. Red1 h6 27.
Rxd4 Rxd4 28. Qxd4 Qe8 29. Qc4 Qe4 30. Qxe4 Bxe4 31. f4 Kg8 32. Rc7 Kf8 33. Kf2
Bd3 34. Ke3 Bb5 35. Kd4 h5 36. b3 g6 37. a4 Be2 38. b4 Bf1 39. Kc5 1-0

[Event "III Weekend B"]
[Site "Lesa ITA"]
[Date "2014.09.21"]
[Round "4"]
[White "Pivari, Flavio"]
[Black "Stephan, Kenzo"]
[WhiteElo "1433"]
[BlackElo "1571"]
[Result "1-0"]
[PlyCount "125"]
[EventDate "2014.09.19"]

1. d4 d5 2. c4 dxc4 3. e4 Nf6 4. Nc3 e5 5. Nf3 exd4 6. Nxd4 Bb4 7. f3 c5 8.
Ndb5 Qxd1+ 9. Kxd1 Kd8 10. Bxc4 Be6 11. Bxe6 fxe6 12. Bf4 Na6 13. a3 Bxc3 14.
bxc3 Re8 15. Nd6 Re7 16. Rb1 e5 17. Bxe5 b6 18. Kc2 Ne8 19. Rhd1 Nxd6 20. Rxd6+
Ke8 21. Bf4 h6 22. h4 Rd8 23. Rxd8+ Kxd8 24. Rd1+ Kc8 25. c4 Nc7 26. Bxc7 Kxc7
27. a4 Rf7 28. Rd3 g5 29. hxg5 hxg5 30. Kd2 Kc6 31. Ke3 a6 32. g4 b5 33. axb5+
axb5 34. cxb5+ Kxb5 35. Rd5 Kb4 36. Rxg5 Rd7 37. Rg8 Rh7 38. Rc8 c4 39. e5 c3
40. e6 Rh6 41. e7 Re6+ 42. Kd3 Rxe7 43. Rxc3 Rd7+ 44. Kc2 Re7 45. Kd2 Rd7+ 46.
Rd3 Re7 47. Rd4+ Kc5 48. Kd3 Rf7 49. Ke3 Re7+ 50. Re4 Rf7 51. f4 Kd5 52. Re5+
Kd6 53. Ke4 Rd7 54. g5 Rd8 55. g6 Rg8 56. Kf5 Rf8+ 57. Kg5 Rg8 58. Re1 Kd5 59.
f5 Kd6 60. f6 Ra8 61. g7 Ra2 62. Kg6 Rg2+ 63. Kf7 1-0

[Event "III Weekend B"]
[Site "Lesa ITA"]
[Date "2014.09.21"]
[Round "4"]
[White "Recanatini, Italo"]
[Black "Grudina, Marco"]
[WhiteElo "1795"]
[BlackElo "1775"]
[Result "1-0"]
[PlyCount "129"]
[EventDate "2014.09.19"]

1. e4 e5 2. Nf3 Nc6 3. Bb5 f5 4. Bxc6 dxc6 5. d3 fxe4 6. dxe4 Qxd1+ 7. Kxd1 Bg4
8. h3 Bxf3+ 9. gxf3 Bc5 10. Ke2 Ne7 11. Be3 Bd6 12. Nd2 Ng6 13. Rad1 O-O-O 14.
Rhg1 Be7 15. Nf1 Bf6 16. Ng3 Nf4+ 17. Bxf4 exf4 18. Nh5 Rxd1 19. Kxd1 Bxb2 20.
Nxf4 Rf8 21. Nd3 Bc3 22. Ke2 g6 23. f4 b6 24. Rg3 c5 25. Nxc5 bxc5 26. Rxc3
Rxf4 27. Ke3 Rh4 28. Rxc5 Rxh3+ 29. f3 Rh1 30. Kf4 Kb7 31. Rc3 Rh5 32. e5 Rf5+
33. Ke4 c6 34. f4 Rf7 35. Rh3 Re7 36. f5 gxf5+ 37. Kxf5 Rf7+ 38. Ke6 Rf2 39.
Rxh7+ Kb6 40. Rd7 Rxc2 41. Rd3 Rxa2 42. Kd6 Re2 43. Rb3+ Ka5 44. e6 c5 45. e7
c4 46. Rb1 c3 47. Kd7 c2 48. Rc1 Kb4 49. Rxc2 Re3 50. Rb2+ Ka3 51. Rb8 a5 52.
e8=Q Rxe8 53. Kxe8 a4 54. Kd7 Ka2 55. Kc6 a3 56. Kb5 Ka1 57. Kb4 a2 58. Kb3 Kb1
59. Rg8 a1=N+ 60. Kc3 Ka2 61. Rb8 Nb3 62. Rxb3 Ka1 63. Rb8 Ka2 64. Rb7 Ka1 65.
Kc2 1-0

[Event "III Weekend B"]
[Site "Lesa ITA"]
[Date "2014.09.21"]
[Round "4"]
[White "Rigotti, Gianluigi"]
[Black "Megret, Jean"]
[WhiteElo "1582"]
[BlackElo "1722"]
[Result "1-0"]
[PlyCount "71"]
[EventDate "2014.09.19"]

1. e4 c5 2. g3 d6 3. Bg2 Nc6 4. c3 Nf6 5. Ne2 g6 6. O-O Bg7 7. d4 cxd4 8. cxd4
O-O 9. Nbc3 Bg4 10. f3 Bd7 11. Be3 Qc8 12. Rc1 Bh3 13. b3 Bxg2 14. Kxg2 Qd7 15.
h3 d5 16. e5 Ne8 17. a3 Nc7 18. b4 a6 19. Na4 Rab8 20. Nc5 Qe8 21. Qc2 Nb5 22.
Qb3 e6 23. a4 Nba7 24. Rc2 f6 25. Nf4 Nd8 26. Nfxe6 Nxe6 27. Qxd5 Rf7 28. Qxe6
fxe5 29. Qxe8+ Rxe8 30. d5 Rd8 31. Ne6 Rxd5 32. Nxg7 Nc6 33. Ne6 Re7 34. Ng5
Nxb4 35. Rc8+ Kg7 36. Bc5 1-0

[Event "III Weekend B"]
[Site "Lesa ITA"]
[Date "2014.09.21"]
[Round "4"]
[White "Stephan, Sandro"]
[Black "Brioschi, Camillo"]
[WhiteElo "1407"]
[BlackElo "1783"]
[Result "0-1"]
[PlyCount "69"]
[EventDate "2014.09.19"]

1. e4 e5 2. Nf3 Nc6 3. d4 exd4 4. Nxd4 Bc5 5. Nb3 Bb6 6. Nc3 Nf6 7. Qe2 d6 8.
Be3 Be6 9. O-O-O Qe7 10. f3 O-O-O 11. Bxb6 axb6 12. g3 Rhe8 13. Bg2 Ne5 14. f4
Bg4 15. Qe1 Nc6 16. Rd3 Nb4 17. Re3 Nbd5 18. Nxd5 Nxd5 19. exd5 Qxe3+ 20. Qxe3
Rxe3 21. Nd2 Rde8 22. c4 Re1+ 23. Rxe1 Rxe1+ 24. Kc2 Re2 25. Be4 Rxh2 26. Kc3
h5 27. Nf1 Re2 28. Bd3 Re7 29. Nh2 g6 30. Kd4 Be2 31. f5 Bxd3 32. f6 Re2 33.
Nf3 Rf2 34. Ke3 Rxf3+ 35. Kxf3 0-1

[Event "III Weekend B"]
[Site "Lesa ITA"]
[Date "2014.09.21"]
[Round "4"]
[White "Zahner, Rolf"]
[Black "Rossi, Emanuele"]
[WhiteElo "1625"]
[BlackElo "1579"]
[Result "0-1"]
[PlyCount "120"]
[EventDate "2014.09.19"]

1. e4 c5 2. c3 e5 3. Bc4 Nf6 4. d3 Be7 5. Nf3 Nc6 6. a4 h6 7. Qb3 O-O 8. Nh4
Na5 9. Qa2 Nxc4 10. Qxc4 d5 11. exd5 Nxd5 12. Nf3 Be6 13. Nxe5 Ne3 14. Qxe6
fxe6 15. Bxe3 Kh7 16. O-O Bd6 17. Nc4 Qc7 18. Nxd6 Qxd6 19. d4 cxd4 20. Bxd4 e5
21. Be3 Rf7 22. Na3 b6 23. Rad1 Qc6 24. Nb5 Rd7 25. Rxd7 Qxd7 26. b3 a6 27. Na3
b5 28. axb5 axb5 29. Nb1 Ra1 30. Nd2 Rxf1+ 31. Nxf1 Qd1 32. b4 g5 33. h3 Kg6
34. Bd2 h5 35. g3 e4 36. Be3 h4 37. g4 Qf3 38. Kh2 Qe2 39. Kg1 Qd3 40. Nd2 Qxc3
41. Nxe4 Qxb4 42. Nxg5 Qe1+ 43. Kg2 b4 44. Nf3 Qe2 45. Nd2 Qb5 46. Kh2 b3 47.
Kg2 b2 48. Kh2 b1=Q 49. Nxb1 Qxb1 50. Kg2 Qb5 51. Kh2 Kf7 52. Kg2 Qd5+ 53. Kh2
Ke6 54. Kg1 Kd7 55. Kh2 Kc6 56. Kg1 Kb5 57. Kh2 Kc4 58. g5 Kd3 59. Kg1 Ke2 60.
Kh2 Kf1 0-1

[Event "III Weekend B"]
[Site "Lesa ITA"]
[Date "2014.09.21"]
[Round "5"]
[White "Alessandro, Sergio"]
[Black "Adda, Roberto"]
[WhiteElo "1664"]
[BlackElo "1671"]
[Result "0-1"]
[PlyCount "106"]
[EventDate "2014.09.19"]

1. b4 Nf6 2. Bb2 e6 3. b5 d5 4. e3 a6 5. a4 Bd6 6. Nf3 Nbd7 7. d4 O-O 8. Be2
Re8 9. Nbd2 c5 10. c4 e5 11. dxe5 Nxe5 12. O-O Bf5 13. Nxe5 Bxe5 14. Bxe5 Rxe5
15. Nf3 Re8 16. cxd5 Qxd5 17. Qxd5 Nxd5 18. Rfc1 Rec8 19. Bc4 Nb6 20. Ne5 Nxc4
21. Nxc4 Rd8 22. Nb6 Ra7 23. Rxc5 Bg4 24. f3 Be6 25. bxa6 bxa6 26. a5 g6 27.
Rac1 Rd3 28. R1c3 Rd1+ 29. Kf2 Ra1 30. g4 Rb7 31. Nc4 Bxc4 32. R3xc4 Rb5 33.
Rxb5 axb5 34. Rc8+ Kg7 35. a6 Rxa6 36. Rb8 Ra5 37. g5 Ra2+ 38. Kg3 Rb2 39. Rb7
b4 40. e4 b3 41. e5 Rb1 42. e6 Kf8 43. Rxf7+ Ke8 44. Rxh7 b2 45. Kf4 Re1 46.
Rb7 b1=Q 47. Rxb1 Rxb1 48. h4 Ke7 49. h5 gxh5 50. Kf5 h4 51. Kg4 Kxe6 52. f4
Rg1+ 53. Kxh4 Kf5 0-1

[Event "III Weekend B"]
[Site "Lesa ITA"]
[Date "2014.09.21"]
[Round "5"]
[White "Brioschi, Camillo"]
[Black "Borghi, Dario"]
[WhiteElo "1783"]
[BlackElo "1779"]
[Result "0-1"]
[PlyCount "92"]
[EventDate "2014.09.19"]

1. d4 g6 2. c4 Bg7 3. Nc3 Nf6 4. e4 d6 5. Be2 Nbd7 6. f4 b6 7. e5 Ng8 8. Bf3
Rb8 9. Nb5 a6 10. Na7 Bb7 11. Nc6 Bxc6 12. Bxc6 e6 13. Nf3 Ne7 14. Be4 b5 15.
Bd3 Qc8 16. O-O bxc4 17. Bxc4 d5 18. Bd3 O-O 19. Qe2 Ra8 20. b3 Qb7 21. Ba3
Rfe8 22. Rfc1 Bh6 23. g3 Qb6 24. Kg2 Nc6 25. Rc2 Nxd4 26. Nxd4 Qxd4 27. Rd1 Qa7
28. Rdc1 Rec8 29. Bd6 c5 30. Qe1 Bf8 31. Bxf8 Nxf8 32. Qa5 Nd7 33. h4 Qb7 34.
Be2 Qc6 35. Qc3 Qb7 36. Qf3 Rc7 37. h5 Ra7 38. hxg6 fxg6 39. Qg4 Rc6 40. Bd3
Kg7 41. Rh1 Nf8 42. f5 exf5 43. Bxf5 Qe7 44. Bd3 Qxe5 45. Re2 Qd4 46. Qg5 Qxd3
0-1

[Event "III Weekend B"]
[Site "Lesa ITA"]
[Date "2014.09.21"]
[Round "5"]
[White "Floris, Marco"]
[Black "Megret, Jean"]
[WhiteElo "1561"]
[BlackElo "1722"]
[Result "0-1"]
[PlyCount "83"]
[EventDate "2014.09.19"]

1. e4 c5 2. Nf3 d6 3. c3 Nf6 4. e5 Nd5 5. exd6 exd6 6. Bc4 Nb6 7. Bb3 Be7 8.
O-O O-O 9. d4 c4 10. Bc2 d5 11. Re1 Nc6 12. b3 Bg4 13. h3 Bh5 14. g4 Bg6 15.
Bf4 Re8 16. Bxg6 hxg6 17. Re3 Rc8 18. Kg2 Bf6 19. Qe2 Rxe3 20. fxe3 g5 21. Bg3
Qe7 22. Nbd2 Na5 23. b4 Nc6 24. a4 Nxb4 25. cxb4 c3 26. a5 Nc4 27. Nxc4 Rxc4
28. Rc1 Qxb4 29. Be1 Qxa5 30. Qc2 b5 31. Qb3 b4 32. Rc2 Qc7 33. Qa4 a5 34. Bg3
Qc6 35. Qxc6 Rxc6 36. Be1 a4 37. Ng1 a3 38. Ne2 b3 39. Rxc3 a2 40. Rxc6 a1=Q
41. Rc8+ Kh7 42. Nc1 0-1

[Event "III Weekend B"]
[Site "Lesa ITA"]
[Date "2014.09.21"]
[Round "5"]
[White "Fragni, Enrico"]
[Black "Modaffari, Giuseppe"]
[WhiteElo "1580"]
[BlackElo "1600"]
[Result "1-0"]
[PlyCount "119"]
[EventDate "2014.09.19"]

1. c4 Nf6 2. Nc3 g6 3. e4 d6 4. d4 Bg7 5. f3 O-O 6. Be3 Nbd7 7. Bd3 e5 8. Nge2
Nh5 9. Qd2 exd4 10. Nxd4 Ne5 11. Be2 f5 12. Bg5 Bf6 13. Bxf6 Qxf6 14. O-O-O
fxe4 15. Nxe4 Qf4 16. Kb1 Qxd2 17. Rxd2 Nf4 18. Bf1 Bf5 19. Nxf5 Rxf5 20. g3
Ne6 21. Be2 Nxf3 22. Bxf3 Rxf3 23. Re1 Raf8 24. Nc3 Rf1 25. Rxf1 Rxf1+ 26. Kc2
Nc5 27. b4 Ne6 28. a4 b6 29. Kb3 Rf3 30. b5 Nc5+ 31. Kb2 Rxc3 32. Kxc3 Ne4+ 33.
Kd3 Nxd2 34. Kxd2 Kf7 35. Ke3 Ke6 36. Ke4 h6 37. h4 h5 38. Kf4 d5 39. cxd5+
Kxd5 40. Kg5 c5 41. bxc6 Kxc6 42. Kxg6 b5 43. axb5+ Kxb5 44. Kxh5 a5 45. g4 a4
46. g5 a3 47. g6 a2 48. g7 a1=Q 49. g8=Q Qd1+ 50. Qg4 Qd3 51. Qg5+ Kb4 52. Kh6
Qd6+ 53. Qg6 Qf4+ 54. Qg5 Qf8+ 55. Kh5 Qe8+ 56. Kg4 Qe6+ 57. Qf5 Qg8+ 58. Kf4
Qb8+ 59. Qe5 Qf8+ 60. Ke3 1-0

[Event "III Weekend B"]
[Site "Lesa ITA"]
[Date "2014.09.21"]
[Round "5"]
[White "Giovarruscio, Gabriele"]
[Black "Stephan, Sandro"]
[WhiteElo "1653"]
[BlackElo "1407"]
[Result "1-0"]
[PlyCount "77"]
[EventDate "2014.09.19"]

1. d4 d5 2. c4 dxc4 3. Nf3 Nf6 4. e3 a6 5. Bxc4 b5 6. Be2 e6 7. O-O Nbd7 8. a4
c6 9. axb5 cxb5 10. Bxb5 Bb7 11. Be2 Be7 12. Nc3 O-O 13. b3 Qc7 14. Bb2 Ng4 15.
h3 Bxf3 16. hxg4 Bxe2 17. Qxe2 a5 18. Rfc1 Qb7 19. Ba3 Bb4 20. Bxb4 Qxb4 21.
Qc4 Rfb8 22. Qxb4 Rxb4 23. Ra3 e5 24. Na2 Rb7 25. dxe5 g6 26. f4 g5 27. g3 gxf4
28. gxf4 Nb6 29. Rc5 Rba7 30. Nc3 a4 31. bxa4 Nxa4 32. Nxa4 Rxa4 33. Rxa4 Rxa4
34. Kf2 Ra6 35. Kf3 Ra3 36. g5 Kg7 37. Rc2 Kg6 38. Rc6+ Kg7 39. Rf6 1-0

[Event "III Weekend B"]
[Site "Lesa ITA"]
[Date "2014.09.21"]
[Round "5"]
[White "Grudina, Marco"]
[Black "Pivari, Flavio"]
[WhiteElo "1775"]
[BlackElo "1433"]
[Result "1/2-1/2"]
[PlyCount "157"]
[EventDate "2014.09.19"]

1. e4 c5 2. Nf3 d6 3. d4 cxd4 4. Nxd4 Nf6 5. Nc3 a6 6. Bg5 e6 7. f4 h6 8. Bh4
Be7 9. Qf3 Qc7 10. O-O-O b5 11. a3 Bb7 12. Bd3 Nbd7 13. Kb1 Rc8 14. Be1 Nc5 15.
Bd2 Nxd3 16. cxd3 Qd7 17. Rc1 d5 18. e5 Nh7 19. Qg3 g5 20. fxg5 Nxg5 21. h4 Ne4
22. dxe4 dxe4 23. Nce2 Rxc1+ 24. Rxc1 Kf8 25. Qf2 h5 26. g3 Bd8 27. Nf4 Rh6 28.
Nfxe6+ Rxe6 29. Nxe6+ Qxe6 30. Bf4 Qb3 31. Qd2 Bd5 32. Qb4+ Qxb4 33. axb4 Be6
34. Rc6 a5 35. bxa5 Bxa5 36. Ra6 Be1 37. Kc1 Bf2 38. Ra5 e3 39. Ra1 e2 40. Kd2
e1=Q+ 41. Rxe1 Bxe1+ 42. Kxe1 Ke7 43. Bg5+ Kd7 44. Kf2 Bg4 45. Ke3 Ke6 46. Kd4
Be2 47. Ke4 Bg4 48. Bf6 Bf5+ 49. Kf4 Bg4 50. Ke4 Bf5+ 51. Kd4 Bg4 52. Kc5 Be2
53. Kc6 Bc4 54. Kc5 Kf5 55. Kd6 Kg4 56. e6 fxe6 57. Be5 Bd5 58. Bf4 Bc4 59. Ke5
Bd5 60. Kf6 Bc4 61. b4 Bd5 62. Be5 Bc4 63. Kg6 Bd5 64. Bf4 Bc4 65. Kf6 Bd5 66.
Be5 Bc4 67. Bd6 Bd5 68. Kg6 Bc4 69. Kh6 Bd5 70. Bc7 Bc4 71. Bd6 Bd5 72. Kg6 Bc4
73. Kf6 Bd5 74. Bf4 Bc4 75. Ke5 Bd5 76. Kd4 Bc4 77. Kc5 Bd3 78. Kd6 Bc4 79. Ke5
1/2-1/2

[Event "III Weekend B"]
[Site "Lesa ITA"]
[Date "2014.09.21"]
[Round "5"]
[White "Maffeo, Mauro"]
[Black "Nipote, Mario"]
[WhiteElo "1710"]
[BlackElo "1537"]
[Result "1-0"]
[PlyCount "46"]
[EventDate "2014.09.19"]

1. d4 d5 2. e3 Nf6 3. f4 Bg4 4. Nf3 e6 5. Bd3 c5 6. c3 Nc6 7. O-O Bd6 8. Qe1
Bxf3 9. Rxf3 cxd4 10. exd4 O-O 11. Nd2 Qb6 12. Kh1 Rfe8 13. Qh4 Be7 14. Rh3 h6
15. Qg3 Kh8 16. Nf3 Ne4 17. Bxe4 dxe4 18. Ne5 Nxe5 19. fxe5 Qb5 20. Bxh6 g6 21.
Bg5+ Kg7 22. Bxe7 Qxb2 23. Bf6+ Kg8 1-0

[Event "III Weekend B"]
[Site "Lesa ITA"]
[Date "2014.09.21"]
[Round "5"]
[White "Nai, Giovanni"]
[Black "Gherghel-butan, Maria"]
[WhiteElo "1831"]
[BlackElo "1588"]
[Result "1-0"]
[PlyCount "47"]
[EventDate "2014.09.19"]

1. e4 c6 2. Nc3 d5 3. Nf3 dxe4 4. Nxe4 Bg4 5. Bc4 Nd7 6. Bxf7+ Kxf7 7. Nfg5+
Ke8 8. Qxg4 Ndf6 9. Qf4 Qb8 10. Qf5 Qc8 11. Qe5 Nxe4 12. Nxe4 Qb8 13. Qe6 Qc7
14. d3 Qd7 15. Qe5 h6 16. Qh5+ Kd8 17. Qf7 Qe8 18. Qb3 Kc8 19. Nc5 b6 20. Qe6+
Kd8 21. Na6 Qd7 22. Qf7 Qe8 23. Qxe8+ Kxe8 24. Nc7+ 1-0

[Event "III Weekend B"]
[Site "Lesa ITA"]
[Date "2014.09.21"]
[Round "5"]
[White "Pedoni, Lorenzo"]
[Black "Rigotti, Gianluigi"]
[WhiteElo "1702"]
[BlackElo "1582"]
[Result "1-0"]
[PlyCount "100"]
[EventDate "2014.09.19"]

1. d4 Nf6 2. c4 e6 3. g3 d5 4. Nf3 c6 5. Bg2 Nbd7 6. b3 g6 7. O-O Bg7 8. Bb2
O-O 9. Nbd2 Rb8 10. Qc2 b6 11. cxd5 cxd5 12. Ba3 Re8 13. Bd6 Rb7 14. Ne5 Nxe5
15. dxe5 Nd7 16. Nf3 f6 17. exf6 Bxf6 18. Rac1 Nf8 19. Bf4 e5 20. Bxe5 Bxe5 21.
Nxe5 Rxe5 22. Qxc8 Qxc8 23. Rxc8 Rd7 24. Rd1 Kg7 25. e3 g5 26. Bh3 Rde7 27. Rd8
Rc7 28. R1xd5 Rxd5 29. Rxd5 Rc2 30. Rxg5+ Ng6 31. a4 a6 32. a5 b5 33. Rd5 Rc3
34. Rd7+ Kh6 35. Rd6 Rxb3 36. Rxa6 Ra3 37. Kg2 b4 38. Rb6 Rxa5 39. Rxb4 Ra2 40.
Rb6 Kg5 41. Rb5+ Kh6 42. Bf5 Rd2 43. Bxg6 Kxg6 44. h4 Rc2 45. Kf3 Rc3 46. g4
Rc7 47. Rb8 Rf7+ 48. Kg3 Kf6 49. g5+ Kg7 50. Rb6 Rf5 1-0

[Event "III Weekend B"]
[Site "Lesa ITA"]
[Date "2014.09.21"]
[Round "5"]
[White "Rossi, Emanuele"]
[Black "Gherghel-butan, Mircea"]
[WhiteElo "1579"]
[BlackElo "1589"]
[Result "0-1"]
[PlyCount "88"]
[EventDate "2014.09.19"]

1. e4 c6 2. Nf3 d5 3. e5 Bg4 4. Be2 e6 5. d4 c5 6. c3 Nc6 7. O-O Nge7 8. Bg5
Qb6 9. Na3 cxd4 10. Nb5 Nf5 11. Nfxd4 Bxe2 12. Qxe2 Nfxd4 13. Nxd4 Be7 14. Be3
Bc5 15. Nf3 Bxe3 16. fxe3 O-O 17. Rf2 Qc7 18. Raf1 Nxe5 19. Nd4 a6 20. Qh5 g6
21. Qg5 Nc6 22. Nf3 f5 23. h4 Qe7 24. Qg3 Rae8 25. h5 Kg7 26. Qh4 Qf6 27. Ng5
h6 28. hxg6 Qxg5 29. Qh3 Ne5 30. Rf4 Qxg6 31. Rh4 Ng4 32. Rf4 Kh7 33. Qf3 Rg8
34. Rb4 b5 35. Kf1 Ne5 36. Qe2 Rc8 37. Rbf4 Rc4 38. Rh2 Ng4 39. Rh3 Nf6 40.
Rff3 Rg4 41. g3 Ne4 42. Qh2 Nxg3+ 43. Ke1 Ne4 44. Kd1 Rg1+ 0-1

[Event "III Weekend B"]
[Site "Lesa ITA"]
[Date "2014.09.21"]
[Round "5"]
[White "Stephan, Kenzo"]
[Black "Biava, Pierluigi"]
[WhiteElo "1571"]
[BlackElo "1635"]
[Result "1-0"]
[PlyCount "113"]
[EventDate "2014.09.19"]

1. e4 c5 2. d4 e6 3. d5 d6 4. c4 Nf6 5. Nc3 Be7 6. f4 a6 7. e5 Ng8 8. Nf3 exd5
9. cxd5 b5 10. a3 h5 11. Be3 Nh6 12. Bf2 Ng4 13. Qd2 Bf5 14. h3 Nxf2 15. Kxf2
Nd7 16. g3 Nb6 17. Rd1 Nc4 18. Bxc4 bxc4 19. Kg2 Qb6 20. Rc1 Qb3 21. exd6 Bxd6
22. Rhe1+ Kf8 23. Re3 Rb8 24. Rce1 g6 25. Ne4 Bxe4 26. Rxb3 Rxb3 27. Rxe4 c3
28. bxc3 Kg7 29. c4 Rhb8 30. Re2 Rxa3 31. Ne5 Rbb3 32. g4 hxg4 33. hxg4 Rg3+
34. Kf1 f6 35. Nc6 Rxg4 36. Qb2 Rxf4+ 37. Ke1 Rh3 38. Qb7+ Kh6 39. Qc8 Rh1+ 40.
Kd2 Rff1 41. Qh8+ Kg5 42. Rg2+ Kf5 43. Qc8+ Ke4 44. Qg4+ Bf4+ 45. Kc3 Rc1+ 46.
Rc2 Rxc2+ 47. Kxc2 Rh2+ 48. Kc3 g5 49. Qe6+ Kf3 50. Qxf6 Re2 51. d6 Re3+ 52.
Kb2 Re2+ 53. Kb3 Re3+ 54. Ka4 Re4 55. d7 Re2 56. d8=Q Ra2+ 57. Kb3 1-0

[Event "III Weekend B"]
[Site "Lesa ITA"]
[Date "2014.09.21"]
[Round "5"]
[White "Tinelli, Fulvio"]
[Black "Recanatini, Italo"]
[WhiteElo "1775"]
[BlackElo "1795"]
[Result "1/2-1/2"]
[PlyCount "139"]
[EventDate "2014.09.19"]

1. d4 Nf6 2. Nf3 e6 3. Bg5 Be7 4. Nbd2 d5 5. e3 Nbd7 6. Bd3 h6 7. Bh4 c5 8. c3
Qc7 9. O-O Ng8 10. Bg3 Bd6 11. e4 Bxg3 12. hxg3 dxe4 13. Nxe4 Ngf6 14. Qe2 Nxe4
15. Qxe4 Nf6 16. Qh4 O-O 17. g4 cxd4 18. cxd4 Qf4 19. Ne5 Nd7 20. Nf3 h5 21.
gxh5 Qxh4 22. Nxh4 Nf6 23. Be2 b6 24. Bf3 Ba6 25. Rfd1 Rad8 26. g3 Rd7 27. Rd2
Rfd8 28. Rad1 Bc4 29. b3 Bd5 30. Kf1 Bxf3 31. Nxf3 Nxh5 32. Ke2 Nf6 33. Ne5 Rc7
34. f3 Nd5 35. Rh1 Nc3+ 36. Ke3 Nd5+ 37. Kf2 Nb4 38. Rhd1 f6 39. Nc4 b5 40. Ne3
a5 41. Ke2 Kf7 42. a3 Nd5 43. Nxd5 Rxd5 44. Ke3 e5 45. dxe5 Rc3+ 46. Rd3 Rxe5+
47. Kf2 Rxd3 48. Rxd3 Ke6 49. Rd4 Rc5 50. Rd3 g5 51. Ke3 Re5+ 52. Kd4 Rd5+ 53.
Kc3 b4+ 54. axb4 axb4+ 55. Kc4 Rxd3 56. Kxd3 Kd5 57. g4 Ke5 58. Kc4 Kf4 59.
Kxb4 Kxf3 60. Kc4 Kxg4 61. b4 f5 62. b5 f4 63. b6 f3 64. Kd3 Kg3 65. b7 Kg2 66.
b8=Q g4 67. Ke3 f2 68. Qb2 g3 69. Qe2 Kg1 70. Kf3 1/2-1/2

[Event "III Weekend B"]
[Site "Lesa ITA"]
[Date "2014.09.21"]
[Round "5"]
[White "Trisconi, Alessio"]
[Black "Cavagna, Marco"]
[WhiteElo "1715"]
[BlackElo "1520"]
[Result "0-1"]
[PlyCount "94"]
[EventDate "2014.09.19"]

1. c4 e5 2. Nc3 Nf6 3. g3 d6 4. Bg2 c6 5. Nf3 Be6 6. d3 h6 7. O-O Nbd7 8. e4
Be7 9. b3 O-O 10. d4 Bg4 11. d5 cxd5 12. cxd5 Rc8 13. Bb2 Nc5 14. Qe2 a6 15.
Qe3 b5 16. b4 Ncd7 17. Ne2 Nb6 18. a3 Nh7 19. h3 Bd7 20. Nd2 Nc4 21. Nxc4 bxc4
22. Nc3 Bg5 23. Qe2 f5 24. f4 exf4 25. gxf4 Bf6 26. e5 Qb6+ 27. Kh1 dxe5 28.
fxe5 Rfe8 29. e6 g6 30. Na4 Bxa4 31. Bxf6 Nxf6 32. Qe5 Nh5 33. d6 Rcd8 34. Rad1
Bxd1 35. Rxd1 c3 36. e7 Kh7 37. exd8=Q Qxd8 38. Qxc3 f4 39. Qc7+ Kh8 40. Qxd8
Rxd8 41. Bb7 Ng3+ 42. Kg2 Nf5 43. d7 Ne3+ 44. Kf3 Nxd1 45. Bxa6 Rxd7 46. Be2 g5
47. a4 Nc3 0-1

[Event "III Weekend B"]
[Site "Lesa ITA"]
[Date "2014.09.21"]
[Round "5"]
[White "Zahner, Rolf"]
[Black "Frignani, Alessandro"]
[WhiteElo "1625"]
[BlackElo "1467"]
[Result "1/2-1/2"]
[PlyCount "29"]
[EventDate "2014.09.19"]

1. e4 e5 2. Bc4 Bc5 3. d3 h6 4. Qh5 Qf6 5. Nf3 d6 6. a4 Nc6 7. c3 a6 8. b4 Ba7
9. O-O Nge7 10. a5 b5 11. axb6 Bxb6 12. Be3 Qg6 13. Qh4 f5 14. Bxb6 cxb6 15.
Nbd2 1/2-1/2

[Event "Open SSM Autunno"]
[Site "Milano ITA"]
[Date "2014.09.16"]
[Round "1"]
[White "Bracco, Valter"]
[Black "Miracola, Giorgia"]
[WhiteElo "1464"]
[BlackElo "1814"]
[Result "0-1"]
[PlyCount "64"]
[EventDate "2014.09.16"]

1. e4 c5 2. Nc3 e6 3. g3 Nc6 4. Bg2 Nf6 5. Nge2 Be7 6. O-O O-O 7. d3 a6 8. a4
d5 9. exd5 exd5 10. Bg5 Nb4 11. Na2 Nxa2 12. Rxa2 h6 13. Bd2 Bd7 14. Nf4 Bc6
15. Re1 Re8 16. Ra1 Qc7 17. c3 b5 18. a5 Bd6 19. b4 Rxe1+ 20. Qxe1 Re8 21. Qf1
d4 22. cxd4 Bxg2 23. Kxg2 cxb4 24. Qb1 Qb7+ 25. Kg1 Bxf4 26. Bxf4 Re2 27. Qf1
Qf3 28. Qg2 Qxg2+ 29. Kxg2 Nd5 30. Kf3 Rb2 31. Bc1 Rc2 32. Rb1 Nc3 0-1

[Event "Open SSM Autunno"]
[Site "Milano ITA"]
[Date "2014.09.16"]
[Round "1"]
[White "Ciciotti, Augusto"]
[Black "Madaschi, Sergio"]
[WhiteElo "1910"]
[BlackElo "1491"]
[Result "1-0"]
[PlyCount "43"]
[EventDate "2014.09.16"]

1. d4 Nf6 2. c4 d5 3. cxd5 Nxd5 4. e4 Nf6 5. Nc3 e6 6. Nf3 c5 7. d5 exd5 8.
exd5 Be7 9. Bc4 O-O 10. O-O Bg4 11. h3 Bh5 12. Bf4 Re8 13. g4 Bg6 14. Ne5 Nbd7
15. Nxg6 hxg6 16. d6 Bf8 17. Qb3 Ne5 18. Bxe5 Rxe5 19. Qxb7 Nd7 20. Qf3 Qe8 21.
Bxf7+ Qxf7 22. Qxa8 1-0

[Event "Open SSM Autunno"]
[Site "Milano ITA"]
[Date "2014.09.16"]
[Round "1"]
[White "Costa, Calogero"]
[Black "Nepi, Ezio"]
[WhiteElo "1503"]
[BlackElo "1950"]
[Result "1-0"]
[PlyCount "81"]
[EventDate "2014.09.16"]

1. d4 d5 2. c4 c6 3. Nc3 Nf6 4. e3 e6 5. Nf3 Nbd7 6. Be2 Bd6 7. O-O O-O 8. Bd2
Qc7 9. cxd5 exd5 10. Rc1 a6 11. Qb3 Re8 12. Rfd1 Nf8 13. Na4 Qe7 14. Nb6 Rb8
15. Nxc8 Rbxc8 16. Ne5 Ng6 17. Nxg6 hxg6 18. Bf3 Rb8 19. Qd3 Nh7 20. g3 Ng5 21.
Bg2 Qf6 22. Qe2 Qxd4 23. exd4 Rxe2 24. Bxg5 Rxb2 25. Rd2 Rb4 26. Be3 Re8 27.
Bf1 f5 28. Bd3 Kf7 29. Rb1 Rxb1+ 30. Bxb1 Kf6 31. Rb2 Re7 32. h4 Kf7 33. Kg2
Bb8 34. Bg5 Rd7 35. Kf3 Ba7 36. Be3 c5 37. dxc5 d4 38. Bxd4 Rc7 39. Bd3 Rd7 40.
Bc4+ Kf8 41. Be3 1-0

[Event "Open SSM Autunno"]
[Site "Milano ITA"]
[Date "2014.09.16"]
[Round "1"]
[White "Figini, Vittorio"]
[Black "Pollio, Ciro"]
[WhiteElo "1453"]
[BlackElo "1755"]
[Result "1/2-1/2"]
[PlyCount "38"]
[EventDate "2014.09.16"]

1. e4 c5 2. Nf3 Nc6 3. d4 cxd4 4. Nxd4 e5 5. Nb3 Nf6 6. Nc3 Bb4 7. Bd3 d5 8.
Bd2 Bxc3 9. Bxc3 dxe4 10. Bb5 Qc7 11. Bb4 Bd7 12. Bd6 Qb6 13. Bxc6 Bxc6 14.
Bxe5 O-O 15. Bxf6 gxf6 16. Qd4 Qb5 17. Qxf6 Rad8 18. Nd4 Qxb2 19. Qg5+ Kh8
1/2-1/2

[Event "Open SSM Autunno"]
[Site "Milano ITA"]
[Date "2014.09.16"]
[Round "1"]
[White "Giaretta, Fulvio"]
[Black "Brisotto, Stefano"]
[WhiteElo "1794"]
[BlackElo "1464"]
[Result "1-0"]
[PlyCount "49"]
[EventDate "2014.09.16"]

1. e4 c5 2. Nf3 Nc6 3. Bb5 g6 4. O-O Bg7 5. c3 e6 6. d4 cxd4 7. cxd4 Nge7 8. d5
a6 9. Bxc6 dxc6 10. d6 Ng8 11. Nc3 Nf6 12. Bg5 Qb6 13. Qd2 Bd7 14. Be3 Qb4 15.
a3 Qc4 16. Ne5 Qb3 17. Nd3 Ng4 18. Rac1 Nxe3 19. Qxe3 e5 20. Nc5 Qb6 21. N3a4
Qa7 22. Nxd7 Qxe3 23. fxe3 Kxd7 24. Rxf7+ Kxd6 25. Rxg7 1-0

[Event "Open SSM Autunno"]
[Site "Milano ITA"]
[Date "2014.09.16"]
[Round "1"]
[White "Greco, Giovanni"]
[Black "Zuliani, Francesco"]
[WhiteElo "1484"]
[BlackElo "1845"]
[Result "0-1"]
[PlyCount "75"]
[EventDate "2014.09.16"]

1. d4 d5 2. c4 c6 3. Nc3 dxc4 4. e4 b5 5. a4 b4 6. Na2 Nf6 7. e5 Nd5 8. Bxc4 e6
9. Nf3 Be7 10. Bd2 a5 11. O-O Ba6 12. Qc2 Qb6 13. Nc1 Bxc4 14. Qxc4 Na6 15. Nb3
O-O 16. Qd3 Rfd8 17. Qe4 Rac8 18. Bg5 c5 19. Bxe7 Nxe7 20. dxc5 Nxc5 21. Nxc5
Rxc5 22. Rfd1 Rcd5 23. Rxd5 Rxd5 24. Ng5 Ng6 25. Rc1 Qd8 26. f4 Rd4 27. Qb7
Rd1+ 28. Rxd1 Qxd1+ 29. Kf2 Qd2+ 30. Kf1 Qxf4+ 31. Nf3 Qc1+ 32. Ne1 Qc4+ 33.
Kf2 Qc5+ 34. Kf3 Nxe5+ 35. Ke2 h6 36. Qa8+ Kh7 37. Qe4+ f5 38. Qc2 0-1